header

Rising anthills (Record no. 88250)

MARC details
000 -LEADER
fixed length control field 01380nam a2200337Ia 4500
082 04 - DEWEY DECIMAL CLASSIFICATION NUMBER
Classification number 809/.933522
100 1# - MAIN ENTRY--AUTHOR NAME
Personal name Bekers, Elisabeth,
245 10 - TITLE STATEMENT
Title Rising anthills
260 ## - PUBLICATION, DISTRIBUTION, ETC. (IMPRINT)
Place of publication Madison, Wis. :
Name of publisher University of Wisconsin Press,
Year of publication c2010.
300 ## - PHYSICAL DESCRIPTION
Number of Pages xii, 262 p.
490 1# - SERIES STATEMENT
Series statement Women in Africa and the diaspora
650 #0 - SUBJECT ADDED ENTRY--TOPICAL TERM
Topical Term Female circumcision in literature.
Topical Term Women in literature.
856 40 - ELECTRONIC LOCATION AND ACCESS
Uniform Resource Identifier http://site.ebrary.com/lib/rucke/Doc?id=10395138

No items available.

© 2026 Rongo University
Contact us: librarian | system librarian | Rongo university